00374nam a22001337a 4500008004100000082001500041100004800056245005500104260003100159300000900190440001400199942001200213999001500225230620b xxu||||| |||| 00| 0 eng d a320.9bCRO cRichard Crook, James Manor, John A. Wiseman aThe Journal of Commonwealth & Comparative Politics bTaylor & Francis Ltdc2004 a167p vVolume 25 2ddccBK c1548d1548